|
|
|
|
| LEADER |
02124nam a2200517 aa4500 |
| 001 |
nkc20091992153 |
| 003 |
CZ PrNK |
| 005 |
20220617082155.0 |
| 007 |
ta |
| 008 |
090901s2009 xr a c p 000 0 cze |
| 015 |
|
|
|a cnb001992153
|
| 020 |
|
|
|a 978-80-7235-421-4
|q (učebnice ;
|q brož.)
|z 978-80-7235-241-4
|
| 020 |
|
|
|a 978-80-7235-422-1
|q (pracovní sešit ;
|q brož.)
|
| 035 |
|
|
|a (OCoLC)455851756
|
| 040 |
|
|
|a BOA001
|b cze
|d ABA001
|
| 072 |
|
7 |
|a 514
|x Geometrie
|2 Konspekt
|9 13
|
| 072 |
|
7 |
|a 37.016
|x Učební osnovy. Vyučovací předměty. Učebnice
|2 Konspekt
|9 22
|
| 080 |
|
|
|a 514
|2 MRF
|
| 080 |
|
|
|a (075.2)
|2 MRF
|
| 080 |
|
|
|a (076.1)
|2 MRF
|
| 100 |
1 |
|
|a Půlpán, Zdeněk,
|d 1942-
|7 jk01101739
|4 aut
|
| 245 |
1 |
0 |
|a Matematika 8 :
|b pro základní školy.
|p Geometrie /
|c Zdeněk Půlpán, Josef Trejbal
|
| 246 |
3 |
|
|a Matematika 8 pro základní školy
|
| 246 |
3 |
0 |
|a Geometrie
|
| 246 |
1 |
8 |
|a Matematika 8 - geometrie
|
| 250 |
|
|
|a 1. vyd.
|
| 260 |
|
|
|a Praha :
|b SPN - pedagogické nakladatelství,
|c 2009
|
| 300 |
|
|
|a 2 sv. :
|b il. ;
|c 24 cm
|
| 500 |
|
|
|a Autoři pracovního seš. Jitka Boušková ... et al.
|
| 500 |
|
|
|a "Zpracováno v souladu se záměry Rámcového vzdělávacího programu pro základní vzdělávání"
|
| 500 |
|
|
|a Rozměr pracovního sešitu 29 cm
|
| 505 |
0 |
|
|a učebnice. 95 s. -- pracovní sešit. 63 s.
|
| 650 |
0 |
7 |
|a geometrie
|7 ph114624
|2 czenas
|
| 650 |
0 |
9 |
|a geometry
|2 eczenas
|
| 655 |
|
7 |
|a učebnice základních škol
|7 fd133773
|2 czenas
|
| 655 |
|
7 |
|a pracovní sešity
|7 fd133116
|2 czenas
|
| 655 |
|
9 |
|a textbooks (elementary)
|2 eczenas
|
| 655 |
|
9 |
|a activity books
|2 eczenas
|
| 700 |
1 |
|
|a Trejbal, Josef
|7 jn20001005444
|4 aut
|
| 700 |
1 |
|
|a Boušková, Jitka,
|d 1949-
|7 mzk2007411226
|4 aut
|
| 910 |
2 |
|
|a BOA001
|b 4-1228.819
|s učebnice, pracovní sešit
|
| 990 |
|
|
|a BK
|
| 995 |
|
|
|a 01
|
| 991 |
|
|
|b 200909
|c NOV
|
| 996 |
6 |
|
|b 2610387592
|c 4-1228.819
|d 1, učebnice
|v 1
|l MZK
|r Sklad / do 1 hodiny
|n 1
|p p.v.
|w 000963644
|u 000010
|a 1
|e BOA001
|j MZK50
|s P
|
| 996 |
6 |
|
|b 2610387593
|c 4-1228.819
|d 2, pracovní sešit
|v 2
|l MZK
|r Sklad / do 1 hodiny
|n 1
|p p.v.
|w 000963644
|u 000020
|a 1
|e BOA001
|j MZK50
|s P
|